| 000 -LEADER |
| fixed length control field |
00505nam a2200157 4500 |
| 008 - FIXED-LENGTH DATA ELEMENTS--GENERAL INFORMATION |
| fixed length control field |
190812b ||||| |||| 00| 0 eng d |
| 100 ## - MAIN ENTRY--PERSONAL NAME |
| Personal name |
Pathak, Devendra Prasad |
| 245 ## - TITLE STATEMENT |
| Title |
Use of factor analysis scores in logistic regression model for predicting chances of adoption of e-payment system by the users of smart phones |
| 260 ## - PUBLICATION, DISTRIBUTION, ETC. (IMPRINT) |
| Date of publication, distribution, etc |
2019 |
| 300 ## - PHYSICAL DESCRIPTION |
| Extent |
p.38-46. |
| 650 ## - SUBJECT ADDED ENTRY--TOPICAL TERM |
| Topical term or geographic name as entry element |
E-payment |
| 9 (RLIN) |
8143 |
| 650 ## - SUBJECT ADDED ENTRY--TOPICAL TERM |
| Topical term or geographic name as entry element |
Mobile phones |
| 9 (RLIN) |
8144 |
| 773 ## - HOST ITEM ENTRY |
| Main entry heading |
Abhigyan |
| 906 ## - LOCAL DATA ELEMENT F, LDF (RLIN) |
| Subject DIP |
E-commerce |
| 942 ## - ADDED ENTRY ELEMENTS (KOHA) |
| Source of classification or shelving scheme |
|
| Item type |
Articles |